[Event "Uppsala Young Champions 10th"]
[Site "Uppsala"]
[Date "2023.10.27"]
[Round "1"]
[White "Ostensson, Julia"]
[Black "Omarsson, Adam"]
[Result "0-1"]
[WhiteElo "1878"]
[BlackElo "1946"]
[PlyCount "66"]
[EventDate "2023.10.27"]
[EventType "swiss"]
[EventRounds "9"]
[EventCountry "SWE"]
[SourceTitle "Mega2024 Update 01"]
[Source "Chessbase"]
[SourceDate "2023.11.12"]
[SourceVersion "1"]
[SourceVersionDate "2023.11.12"]
[SourceQuality "1"]

1. e4 c5 2. Nf3 d6 3. Bb5+ Nd7 4. 0-0 Ngf6 5. Re1 e6 6. c3 Be7 7. d4 0-0 8. Nbd2 a6 9. Bd3 b5 10. Nf1 Bb7 11. Ng3 c4 12. Bc2 a5 13. h4 b4 14. Qe2 Ba6 15. h5 Ne8 16. Rd1 Nc7 17. e5 d5 18. Nh2 bxc3 19. bxc3 Nb5 20. Qe3 Na3 21. Bxa3 Bxa3 22. Ng4 Kh8 23. Rab1 Qh4 24. Qf3 f5 25. exf6 Nxf6 26. Nxf6 Rxf6 27. Qe3 Raf8 28. Rd2 Bd6 29. Re2 Bf4 30. Qf3 Bh6 31. Qxf6 Qxf6 32. Rb6 Bc8 33. Rb8 Bf4 0-1

[Event "Belgrade Serbia op"]
[Site "Belgrade"]
[Date "2023.07.19"]
[Round "4"]
[White "Kurmangaliyeva, Liya"]
[Black "Omarsson, Adam"]
[Result "1-0"]
[WhiteElo "2225"]
[BlackElo "1843"]
[PlyCount "67"]
[EventDate "2023.07.16"]
[EventType "swiss"]
[EventRounds "9"]
[EventCountry "SRB"]
[SourceTitle "CBM 215 Extra"]
[Source "ChessBase"]
[SourceDate "2023.09.30"]
[SourceVersion "1"]
[SourceVersionDate "2023.09.30"]
[SourceQuality "1"]

1. e4 c5 2. Nf3 d6 3. d4 cxd4 4. Qxd4 e5 5. Qd3 Nf6 6. c4 Nbd7 7. Nc3 b6 8. Qc2 Bb7 9. Bd3 Be7 10. 0-0 0-0 11. Re1 Nc5 12. Bf1 Rc8 13. Qb1 a5 14. Bd3 h6 15. h3 Nh5 16. Nd5 Bxd5 17. cxd5 Nf4 18. Bb5 Kh8 19. Bxf4 exf4 20. e5 dxe5 21. Nxe5 Bf6 22. Qf5 Qd6 23. Nxf7+ Rxf7 24. Qxc8+ Rf8 25. Re8 Rxe8 26. Bxe8 Kh7 27. Qf5+ Kg8 28. Re1 Qf8 29. Bg6 Be7 30. Bh7+ Kh8 31. Qxf8+ Bxf8 32. Re8 Kxh7 33. Rxf8 g5 34. Rb8 1-0

[Event "Reykjavik op"]
[Site "Reykjavik"]
[Date "2023.03.30"]
[Round "3"]
[White "Domalchuk Jonasson, Aleksandr"]
[Black "Omarsson, Adam"]
[Result "1-0"]
[WhiteElo "2318"]
[BlackElo "1890"]
[PlyCount "77"]
[EventDate "2023.03.29"]
[EventType "swiss"]
[EventRounds "9"]
[EventCountry "ISL"]
[SourceTitle "CBM 213 Extra"]
[Source "ChessBase"]
[SourceDate "2023.05.31"]
[SourceVersion "1"]
[SourceVersionDate "2023.05.31"]
[SourceQuality "1"]

1. d4 Nf6 2. Nf3 g6 3. Nbd2 Bg7 4. e4 d6 5. Bd3 0-0 6. 0-0 Nc6 7. c3 e5 8. Re1 Re8 9. h3 Nh5 10. Nb3 Nf4 11. Bxf4 exf4 12. Qd2 g5 13. Bb5 a6 14. Bxc6 bxc6 15. e5 h5 16. exd6 Rxe1+ 17. Nxe1 cxd6 18. Qe2 g4 19. hxg4 hxg4 20. Qe4 Rb8 21. Qxf4 a5 22. Nd3 Rb5 23. Re1 Be6 24. Nd2 Rh5 25. Qg3 Qg5 26. Nf4 Rh8 27. Nf3 Qh6 28. Nh2 Bf5 29. Re8+ Bf8 30. f3 f6 31. Nxg4 Qh1+ 32. Kf2 Kf7 33. Re1 Qh7 34. d5 c5 35. Ne6 Be7 36. Ne3 Rg8 37. Qf4 Bd3 38. Ng4 Rb8 39. Ng5+ 1-0

[Event "Reykjavik Blitz op"]
[Site "Reykjavik"]
[Date "2022.01.29"]
[Round "9"]
[White "Omarsson, Adam"]
[Black "Eliasson, Kristjan Orn"]
[Result "1-0"]
[WhiteElo "1546"]
[BlackElo "1760"]
[PlyCount "57"]
[EventDate "2022.01.29"]
[EventType "swiss (blitz)"]
[EventRounds "11"]
[EventCountry "ISL"]
[SourceTitle "CBM 206 Extra"]
[Source "ChessBase"]
[SourceDate "2022.03.31"]
[SourceVersion "1"]
[SourceVersionDate "2022.03.31"]
[SourceQuality "1"]

1. d4 d6 2. c4 Nf6 3. Nc3 g6 4. e4 c6 5. f4 Bg7 6. Nf3 Bg4 7. Be3 0-0 8. Bd3 Nbd7 9. 0-0 e5 10. fxe5 dxe5 11. d5 cxd5 12. cxd5 Qa5 13. a3 a6 14. b4 Qd8 15. Qb3 Rc8 16. Nd2 Nb6 17. a4 Nh5 18. a5 Na8 19. Nc4 Rc7 20. d6 Rc6 21. Nd5 Kh8 22. Ne7 Rxd6 23. Nxd6 Qxd6 24. Rxf7 Be6 25. Nxg6+ hxg6 26. Rxf8+ Bxf8 27. Qc3 Nf4 28. Bxf4 Qxb4 29. Bxe5+ 1-0

[Event "Reykjavik Blitz op"]
[Site "Reykjavik"]
[Date "2022.01.29"]
[Round "10"]
[White "Omarsson, Adam"]
[Black "Ptacnikova, Lenka"]
[Result "0-1"]
[WhiteElo "1546"]
[BlackElo "2173"]
[PlyCount "98"]
[EventDate "2022.01.29"]
[EventType "swiss (blitz)"]
[EventRounds "11"]
[EventCountry "ISL"]
[SourceTitle "CBM 206 Extra"]
[Source "ChessBase"]
[SourceDate "2022.03.31"]
[SourceVersion "1"]
[SourceVersionDate "2022.03.31"]
[SourceQuality "1"]

1. d4 Nf6 2. Bf4 c5 3. e3 e6 4. Bd3 b6 5. Nf3 Ba6 6. c3 Bxd3 7. Qxd3 Be7 8. 0-0 0-0 9. e4 d6 10. h3 Nc6 11. Nbd2 cxd4 12. cxd4 d5 13. e5 Nd7 14. a3 Rc8 15. Rac1 Na5 16. b4 Nc4 17. Nxc4 dxc4 18. Rxc4 Rxc4 19. Qxc4 a5 20. Rc1 axb4 21. axb4 g5 22. Be3 h6 23. d5 exd5 24. Qxd5 Qe8 25. e6 Nf6 26. exf7+ Rxf7 27. Qb3 Qb5 28. Rc8+ Kg7 29. Nd4 Qd5 30. Ne6+ Kg6 31. Qc2+ Qf5 32. Rg8+ Nxg8 33. Qc6 Rf6 34. Qe8+ Kh7 35. Nd4 Qg6 36. Qb5 Qf7 37. Qd3+ Qg6 38. Qb3 Bd6 39. g3 Be5 40. Ne2 Qf7 41. Qd3+ Qg6 42. Qd7+ Rf7 43. Qd1 Nf6 44. Bxb6 Ne4 45. Be3 Qf5 46. Qd3 Nxg3 47. Qxf5+ Nxf5 48. b5 Nxe3 49. fxe3 Rb7 0-1

[Event "Reykjavik Blitz op"]
[Site "Reykjavik"]
[Date "2022.01.29"]
[Round "6"]
[White "Omarsson, Adam"]
[Black "Thorhallsson, Throstur"]
[Result "1-0"]
[WhiteElo "1546"]
[BlackElo "2414"]
[PlyCount "53"]
[EventDate "2022.01.29"]
[EventType "swiss (blitz)"]
[EventRounds "11"]
[EventCountry "ISL"]
[SourceTitle "CBM 206 Extra"]
[Source "ChessBase"]
[SourceDate "2022.03.31"]
[SourceVersion "1"]
[SourceVersionDate "2022.03.31"]
[SourceQuality "1"]

1. d4 Nf6 2. c4 e6 3. Nc3 d5 4. cxd5 exd5 5. Bg5 c6 6. e3 Be7 7. Bd3 Nbd7 8. Nf3 Nh5 9. Bxe7 Qxe7 10. 0-0 0-0 11. a3 a5 12. Rb1 Nhf6 13. b4 Ne4 14. Qc2 f5 15. b5 Qxa3 16. bxc6 bxc6 17. Na4 Qd6 18. Nb6 Nxb6 19. Rxb6 Bd7 20. Ne5 Rac8 21. Bxe4 fxe4 22. Qa4 Be8 23. Qxa5 Rf6 24. Qa7 Qc7 25. Rb7 Qd6 26. Rxg7+ Kf8 27. Rxh7 1-0